| 000 | 00329cam a22001217a 4500 | ||
|---|---|---|---|
| 008 | 180718b1923 xxu||||| |||| 00| 0 eng d | ||
| 082 | _aB11x38 L763 | ||
| 245 |
_aThe pageant of Greece _cedited by R.W. Livingstone |
||
| 260 |
_aLondon _bOUP _c1923 |
||
| 300 | _a436p. | ||
| 650 | _aCivilization, Greek | ||
| 700 | _aLivingstone, R.W. | ||
| 999 |
_c373471 _d373471 |
||